Drapeaux des îles Canaries - Statistiques

Statistiques générales
  • Ce quiz a été pris 48 fois
  • Le résultat moyen est 3 sur 7
Statistiques - réponses
Par images Réponse % Correct
Tenerife
81%
Lanzarote
56%
Fuerteventura
44%
Grande Canarie
41%
La Palma
37%
El Hierro
33%
La Gomera
26%
Aucun quiz correspondant
Distribution des résultats
% des personnes avec chaque résultat
Percentile par nombre de réponses
Votre historique - résultats
Vous n’avez pas pris ce quiz